League of Legends - Décodeur - Statistiques

Statistiques générales
  • Ce quiz a été pris 636 fois
    634 depuis la dernière actualisation
  • Le résultat moyen est 36 sur 44
Statistiques - réponses
Groupes Lettres Indices Réponses % Correct
Indices A Mode de jeu qui se joue avec une seule lane ARAM
99%
Indices A Série Netflix qui prend place de l'univers de LoL Arcane
99%
Indices F Joueur qui a remporté 5 championnats du monde avec T1 Faker
98%
Indices N Monstre neutre le plus puissant Baron {Nashor}
95%
Indices E Champion qui a l'apparence d'une araignée Elise
95%
Indices O Rang classé qui était pendant longtemps le rang minimum pour obtenir un skin en fin de saison Or
95%
Indices M Ressource utilisé pour la majorité des compétences Mana
94%
Indices N Structure à détruire pour gagner la partie Nexus
94%
Indices D Région de Garen Demacia
93%
Indices I Ce champion est l'aîné de la forêt Ivern
93%
Indices L Moine aveugle Lee Sin
93%
Indices A Terme qui signifie que tous les joueurs d'une équipe sont mort en même temps Ace
91%
Indices C Seul monstre de la jungle qui n'attaque pas Carapateur
91%
Indices E Champion capable de manipuler le temps Ekko
91%
Indices N Terme désignant la réduction de puissance d’un champion ou d’un objet suite à un patch Nerf
91%
Indices I Champion "prêtresse du Kraken" qui se bat à l'aide de tentacules Illaoi
90%
Indices I Groupe interprétant le générique de la saison 1 de cette série Imagine Dragons
90%
Indices I Structure qui fait apparaître des super-sbires lorsqu'elle est détruite Inhibiteur
90%
Indices N Champion qui peut emprunter l'apparence d'autres champions Neeko
90%
Indices E Rang de partie classée ajouté sur LoL en 2023 Émeraude
89%
Indices I Yasuo et Irelia viennent de cette région Ionia
89%
Indices O Champion qui peut améliorer les items de ses alliés Ornn
88%
Indices A Mère de Mel Ambessa
87%
Indices N Kassadin et Vel'koz viennent de cette région Le {Néant}
87%
Indices E Mais des champions comme Akali ou Kennen utilisent cette autre ressource Énergie
86%
Indices O Champion accompagnée par une sphère Orianna
86%
Indices A Mode de jeu qui voit s'affronter 8 équipes de 2 joueurs Arena
85%
Indices J Champion qui aime le chiffre 4 Jhin
85%
Indices A Nouveau monstre neutre arrivé en 2025 Atakhan
84%
Indices S Région en ruine dans le désert Shurima
83%
Indices F Région inhospitalière et gelée Freljord
80%
Indices T Ours en peluche d'Annie Tibbers
80%
Indices L Objets de dégâts magiques anti-tank Tourment de {Liandry}
80%
Indices L Bottes qui permettent de réduire les délais de récupération des compétences Bottes de {lucidité}
77%
Indices O Jungler titulaire chez T1 depuis 2021 Oner
76%
Indices R Nom de la planète de LoL Runeterra
75%
Indices T Valeur exprimée en pourcentage qui détermine de combien de temps va être réduit un étourdissement, un silence, une entrave ... Tenacité
72%
Indices L Caractéristique qui détermine le nombre d'armure de l'adversaire qu'un champion peut ignorer Létalité
66%
Indices P Nom de la fée de Lulu Pix
64%
Indices I Région de Zyra et Rengar Ixtal
63%
Indices M Item qui permet d'obtenir un bouclier bloquant les dégâts magique Gueule de {Malmortius}
62%
Indices S Nom de la monture de Kled Skaarl
53%
Citation J'ai failli avoir de la compassion et finalement, non
35%
Indices V Nom de l'araignée qui était le monstre neutre de la Forêt torturée Vilemaw
32%
Aucun quiz correspondant
Distribution des résultats
% des personnes avec chaque résultat
Percentile par nombre de réponses
Votre historique - résultats
Vous n’avez pas pris ce quiz depuis la dernière actualisation